000
00211nam a22001097a 4500
041
_a
eng
080
_a
80
100
_a
Rorvik, David M.
245
_a
Choose your babys sex.
650
_a
Science
999
_c
279223
_d
279223
942
_c
BK